[Event "Chigorin Memorial 24th"]
[Site "St Petersburg"]
[Date "2016.10.16"]
[Round "2"]
[White "Riakhovskii, Mark"]
[Black "Lingur, Zalina"]
[Result "0-1"]
[WhiteElo "1370"]
[BlackElo "1986"]
[PlyCount "78"]
[EventDate "2016.10.15"]
[EventType "swiss"]
[EventRounds "9"]
[EventCountry "RUS"]
[SourceTitle "CBM 175 Extra"]
[Source "ChessBase"]
[SourceDate "2016.12.12"]
[SourceVersion "1"]
[SourceVersionDate "2016.12.12"]
[SourceQuality "1"]

1. c4 c5 2. Nc3 Nc6 3. g3 g6 4. Bg2 Bg7 5. Nf3 e5 6. 0-0 Nge7 7. a3 d6 8. Ne1 Be6 9. b3 d5 10. Rb1 0-0 11. Nc2 f5 12. f4 e4 13. Na4 b6 14. d3 dxc4 15. bxc4 exd3 16. exd3 Qd7 17. Qe2 Rfe8 18. Bb2 Rad8 19. Nc3 Bf7 20. Rbd1 Nd5 21. Qd2 Nxc3 22. Bxc3 Nd4 23. Nxd4 Bxd4+ 24. Bxd4 Qxd4+ 25. Qf2 Re3 26. Kh1 Rxd3 27. Rxd3 Qxd3 28. Bf3 Bxc4 29. Rd1 Qxd1+ 30. Bxd1 Rxd1+ 31. Kg2 Bf1+ 32. Qxf1 Rxf1 33. Kxf1 b5 34. Ke2 Kf7 35. Kd3 Ke6 36. Kc3 Kd5 37. Kd3 a5 38. h4 b4 39. a4 c4+ 0-1